• 首页
  • 本馆介绍
  • 公告通知
  • 最新文献
  • 馆藏检索
  • 电子资源
  • 读者导购
  • 参考咨询
  • 我的图书馆
  • 登录
  • 详细信息显示
  • 放入我的书架
  • 预约/预借图书
  • 作者相关作品
  • 分类相关作品
  • 丛书相关作品
  • 出版社相关作品

书目信息

  • 表格格式
  • 工作单格式
  • 卡片格式
题名:
首都流通业研究报告
    
 
作者: 谢志华 主编
分册: 2014  
出版信息: 北京   经济科学出版社  2015
页数: 265页
开本: 24cm
丛书名:
单 册:
中图分类: F727.1
科图分类:
主题词: 流通业--Liu Tong Ye--研究报告--北京--2014
电子资源:
ISBN: 978-7-5141-5943-1
000 00798nam0 22002291 450
001 350576
005 20161011170235.76
010    @a978-7-5141-5943-1@dCNY68.00
100    @a20151201d2015 em y0chiy50 ea
101 0  @achi
102    @aCN@b110000
105    @ay z 000yy
106    @ar
200 1  @a首都流通业研究报告@AShou Du Liu Tong Ye Yan Jiu Bao Gao@h2014@f谢志华主编
210    @a北京@c经济科学出版社@d2015
215    @a265页@d24cm
330    @a本报告从农产品流通模式创新、价格及波动、流通体系与环节优化、流通企业绩效、流通业服务质量和特色流通业等方面对首都流通业开展了全方位的研究。
606 0  @a流通业@ALiu Tong Ye@x研究报告@y北京@z2014
690    @aF727.1@v5
701  0 @a谢志华@AXie Zhi Hua@f(1959~)@4主编
801  0 @aCN@bTANGWEI@c20160804
905    @b0890725-9@dF727.1@e90@f5
    
    首都流通业研究报告.2014/谢志华主编 .-北京:经济科学出版社,2015
    265页;24cm
    
    
    ISBN 978-7-5141-5943-1:CNY68.00
    本报告从农产品流通模式创新、价格及波动、流通体系与环节优化、流通企业绩效、流通业服务质量和特色流通业等方面对首都流通业开展了全方位的研究。
●
相关链接 在E读中查询图书 在五车中查询图书 在当当中查询图书 在豆瓣中查询图书


正题名:首都流通业研究报告     索取号:F727.1/90         预约/预借

序号 登录号 条形码 馆藏地/架位号 状态 备注
1 0890725   208907254   第一样本阅览室/ [索取号:F727.1/90] 在馆    
2 0890726   208907263   第一借阅区/ [索取号:F727.1/90] 在馆    
3 0890727   208907272   第一借阅区/ [索取号:F727.1/90] 在馆    
4 0890728   208907281   第一借阅区/ [索取号:F727.1/90] 在馆    
5 0890729   208907290   密集书库-海洋学院/ [索取号:F727.1/90] 在馆    
唐山师范学院图书馆 欢迎您!
大连网信软件有限公司© 版权所有